| 000 | 00441 a2200157 4500 | ||
|---|---|---|---|
| 020 | _a 8170296927 | ||
| 082 | _a005.432 | ||
| 090 |
_c2319 _d2319 |
||
| 100 | _a Peek, Jerry D. | ||
| 245 |
_aUNIX power tools _cJerry Peek |
||
| 260 |
_a New Delhi: _bBPB Publications, _c1996 |
||
| 300 |
_axiii, 1129p _b. :ill. _c24 cm. |
||
| 500 | _a Includes Index | ||
| 650 | _a1.UNIX (Computer file)2.Utilities (Computer programs) | ||
| 942 |
_cBK _k005.432 PEE |
||
| 999 |
_c6249 _d6249 |
||